| 000 | 00492nam a2200169Ia 4500 | ||
|---|---|---|---|
| 008 | 140529s9999 xx 000 0 und d | ||
| 020 | _a9782940411139 | ||
| 050 |
_aTR 146 _b.P884 2010 |
||
| 100 | _aPrakel, David. | ||
| 245 |
_aThe Fundamentals of creative photography / _cDavid Prakel |
||
| 260 |
_aSwitzerland : _bAva Publishing, _cc2010. |
||
| 300 |
_a207 p. : _bcol. ill. ; _c23 cm. |
||
| 521 | _aMA | ||
| 650 | _aCreative photography. | ||
| 942 |
_kFOR _cBK |
||
| 999 |
_c117736 _d117736 |
||